Virginia County Seats - Statistics

General Stats
  • This quiz has been taken 39 times
  • The average score is 81 of 132
Answer Stats
County County Seat % Correct
Alexandria Alexandria
100%
Arlington Arlington
100%
Charlotte Charlotte
100%
Appomattox Appomattox
94%
Albemarle | Charlottesville Charlottesville
94%
Harrisonburg | Rockingham Harrisonburg
94%
Augusta | Staunton Staunton
94%
Danville Danville
88%
Fairfax | Fairfax (City) Fairfax
88%
Fredericksburg Fredericksburg
88%
Lexington | Rockbridge Lexington
88%
Lynchburg Lynchburg
88%
Manassas | Prince William Manassas
88%
Newport News Newport News
88%
Norfolk Norfolk
88%
Richmond (City) Richmond
88%
Roanoke Roanoke
88%
James City | Williamsburg Williamsburg
88%
Frederick | Winchester Winchester
88%
Bedford Bedford
81%
Bristol Bristol
81%
Chesapeake Chesapeake
81%
Alleghany | Covington Covington
81%
Franklin (City) Franklin
81%
Hampton Hampton
81%
Hopewell Hopewell
81%
Petersburg Petersburg
81%
Portsmouth Portsmouth
81%
Suffolk Suffolk
81%
Virginia Beach Virginia Beach
81%
Wythe Wytheville
81%
Accomack Accomac
75%
Amelia Amelia
75%
Amherst Amherst
75%
Buena Vista Buena Vista
75%
Colonial Heights Colonial Heights
75%
Emporia | Greensville Emporia
75%
Falls Church Falls Church
75%
Galax Galax
75%
Louisa Louisa
75%
Manassas Park Manassas Park
75%
Norton Norton
75%
Poquoson Poquoson
75%
Roanoke | Salem Salem
75%
Waynesboro Waynesboro
75%
Wise Wise
75%
Bland Bland
69%
Buckingham Buckingham
69%
Charles City Charles City
69%
Chesterfield Chesterfield
69%
Culpeper Culpeper
69%
Floyd Floyd
69%
Goochland Goochland
69%
Loudoun Leesburg
69%
Lunenburg Lunenburg
69%
Madison Madison
69%
New Kent New Kent
69%
Pulaski Pulaski
69%
Radford Radford
69%
Stafford Stafford
69%
Rappahannock Washington
69%
Cumberland Cumberland
63%
Gloucester Gloucester
63%
Halifax Halifax
63%
Hanover Hanover
63%
King George King George
63%
Lancaster Lancaster
63%
Nottoway Nottoway
63%
Orange Orange
63%
Powhatan Powhatan
63%
Surry Surry
63%
Tazewell Tazewell
63%
Fauquier Warrenton
63%
Dinwiddie Dinwiddie
56%
Prince Edward Farmville
56%
Isle of Wight Isle of Wight
56%
King and Queen King and Queen
56%
Henry Martinsville
56%
Prince George Prince George
56%
Sussex Sussex
56%
York Yorktown
56%
Montgomery Christiansburg
50%
King William King William
50%
Mathews Mathews
50%
Warren Front Royal
44%
Page Luray
44%
Spotsylvania Spotsylvania Courthouse
44%
Highland Monterey
38%
Bath Warm Springs
38%
Southampton Courtland
31%
Buchanan Grundy
31%
Nelson Lovingston
31%
Westmoreland Montross
31%
Washington Abingdon
25%
Clarke Berryville
25%
Caroline Bowling Green
25%
Lee Jonesville
25%
Brunswick Lawrenceville
25%
Fluvanna Palmyra
25%
Franklin Rocky Mount
25%
Middlesex Saluda
25%
Greene Stanardsville
25%
Essex Tappahannock
25%
Richmond Warsaw
25%
Mecklenburg Boydton
19%
Pittsylvania Chatham
19%
Dickenson Clintwood
19%
Northampton Eastville
19%
Botetourt Fincastle
19%
Scott Gate City
19%
Northumberland Heathsville
19%
Carroll Hillsville
19%
Grayson Independence
19%
Henrico Laurel
19%
Russell Lebanon
19%
Smyth Marion
19%
Craig New Castle
19%
Giles Pearisburg
19%
Campbell Rustburg
19%
Patrick Stuart
19%
Shenandoah Woodstock
19%
No matching quizzes found
Score Distribution
Percent of People with Each Score
Percentile by Number Answered
Your Score History
You have not taken this quiz